[Event "4NCL"]
[Site "De Vere, Staverton Park, ENG"]
[Date "2011.11.12"]
[Round "125.1"]
[White "Carleton, John J"]
[Black "Rendle, Thomas E"]
[Result "1/2-1/2"]
[WhiteElo "2293"]
[BlackElo "2389"]
[PlyCount "102"]
[EventDate "2011.??.??"]
[WhiteTeam "Spirit of Atticus"]
[BlackTeam "Sambuca Sharks"]

1. e4 e6 2. Nf3 d5 3. Nc3 Nf6 4. e5 Nfd7 5. d4 c5 6. dxc5 Nc6 7. Bf4 Nxc5 8.
Bd3 Be7 9. h4 Qb6 10. O-O h6 11. h5 Nxd3 12. Qxd3 Bd7 13. Rfd1 Rc8 14. a3 O-O
15. g4 f6 16. Nxd5 exd5 17. Qxd5+ Kh8 18. Qxd7 fxe5 19. Be3 Qxb2 20. g5 Qxc2
21. Nh4 Bxg5 22. Ng6+ Kh7 23. Nxf8+ Rxf8 24. Qd3+ Qxd3 25. Rxd3 Bxe3 26. Rxe3
Rf5 27. Rb1 b6 28. Rc1 Nd4 29. Rc7 a5 30. Rh3 Ne2+ 31. Kf1 Nf4 32. Rh4 e4 33.
Rg4 Nxh5 34. Ke1 Re5 35. Ke2 Kh8 36. Rc8+ Kh7 37. Rc7 Kg8 38. Ke3 Rb5 39. Rc3
Nf6 40. Rc8+ Kh7 41. Rg1 h5 42. Kf4 Rb2 43. Rg2 Ra2 44. Rb8 Rxa3 45. Rb7 Rf3+
46. Ke5 Kh6 47. Rbxg7 Ng4+ 48. Kxe4 Rf8 49. Rb7 Nxf2+ 50. Kd4 Ng4 51. Rxb6+ Kg5
1/2-1/2

[Event "4NCL"]
[Site "De Vere, Staverton Park, ENG"]
[Date "2011.11.12"]
[Round "125.2"]
[White "Roberson, Peter T"]
[Black "Smith, Andrew P"]
[Result "1-0"]
[WhiteElo "2283"]
[BlackElo "2167"]
[PlyCount "65"]
[EventDate "2011.??.??"]
[WhiteTeam "Sambuca Sharks"]
[BlackTeam "Spirit of Atticus"]

1. e4 e6 2. d4 d5 3. Nd2 c5 4. Ngf3 cxd4 5. exd5 Qxd5 6. Bc4 Qc5 7. O-O Nc6 8.
Qe2 Nf6 9. Nb3 Qb6 10. a4 Be7 11. a5 Qc7 12. Nfxd4 Nxd4 13. Nxd4 O-O 14. a6 Ng4
15. Nf3 Bd6 16. h3 Nh2 17. Nxh2 Bxh2+ 18. Kh1 Bf4 19. Bd3 Bxc1 20. Rfxc1 Rb8
21. axb7 Bxb7 22. Ra3 Bc6 23. b3 Rfd8 24. Rca1 Rb7 25. Qe3 Rd7 26. Kg1 Re7 27.
Ra6 Qd7 28. Be2 g6 29. c4 e5 30. Qc5 Rc7 31. Qa3 e4 32. Rd1 Qc8 33. Rxc6 1-0

[Event "4NCL"]
[Site "De Vere, Staverton Park, ENG"]
[Date "2011.11.12"]
[Round "125.3"]
[White "Jackson, Sheila"]
[Black "MacQueen, Calum"]
[Result "1-0"]
[WhiteElo "2162"]
[BlackElo "2219"]
[PlyCount "61"]
[EventDate "2011.??.??"]
[WhiteTeam "Spirit of Atticus"]
[BlackTeam "Sambuca Sharks"]

1. e4 c5 2. c3 g6 3. Bc4 Nf6 4. e5 d5 5. exd6 Qxd6 6. Qb3 e6 7. Nf3 Nc6 8. O-O
Bg7 9. a4 b6 10. Na3 O-O 11. Bb5 Bb7 12. Nc4 Qc7 13. d4 cxd4 14. cxd4 Ng4 15.
Bxc6 Bxc6 16. Nce5 Bxf3 17. Nxf3 Bxd4 18. h3 Bxf2+ 19. Kh1 Qg3 20. hxg4 e5 21.
Qc2 Bc5 22. Bh6 Rfe8 23. g5 Qg4 24. Rae1 Rac8 25. Qe4 Qh5+ 26. Nh2 Rcd8 27. Qc4
Re7 28. Re4 Rd1 29. g4 Rxf1+ 30. Qxf1 Qh4 31. Qf6 1-0

[Event "4NCL"]
[Site "De Vere, Staverton Park, ENG"]
[Date "2011.11.12"]
[Round "125.5"]
[White "Ackley, Peter JE"]
[Black "Murphy, Hugh W"]
[Result "1/2-1/2"]
[WhiteElo "2051"]
[BlackElo "2217"]
[PlyCount "104"]
[EventDate "2011.??.??"]
[WhiteTeam "Spirit of Atticus"]
[BlackTeam "Sambuca Sharks"]

1. Nf3 d5 2. c4 e6 3. g3 Nf6 4. Bg2 Be7 5. O-O O-O 6. b3 Nbd7 7. Bb2 c6 8. d3
a5 9. a3 b5 10. Nbd2 Ba6 11. Qc2 Qb6 12. Rfb1 b4 13. a4 Ng4 14. d4 f5 15. e3
Rfe8 16. Rd1 Rac8 17. Rac1 Bf8 18. cxd5 cxd5 19. Qb1 Ngf6 20. Rxc8 Rxc8 21. Rc1
Rc6 22. Rxc6 Qxc6 23. Qc1 Qxc1+ 24. Bxc1 h6 25. Bf1 Bxf1 26. Kxf1 Bd6 27. Bb2
Kf7 28. Ke2 g5 29. h3 Kg6 30. h4 Ne4 31. Nb1 Ndf6 32. hxg5 hxg5 33. Ne1 Ng4 34.
Nd3 Kh5 35. Kf3 Kg6 36. Ke2 Nh2 37. Nd2 Nxd2 38. Kxd2 Ng4 39. f4 Nf6 40. Nf2
Kh5 41. Ke2 gxf4 42. gxf4 Kh4 43. Kf3 Be7 44. Bc1 Kh5 45. Bd2 Ne4 46. Nxe4
dxe4+ 47. Kg3 Bf6 48. Kf2 Kg4 49. Bc1 Bh4+ 50. Ke2 Kg3 51. Bd2 Kg2 52. Bc1 Bg3
1/2-1/2

[Event "4NCL"]
[Site "De Vere, Staverton Park, ENG"]
[Date "2011.11.12"]
[Round "125.6"]
[White "Cairns, Stephen"]
[Black "Connor, Stephen J"]
[Result "1/2-1/2"]
[WhiteElo "2109"]
[BlackElo "2069"]
[PlyCount "38"]
[EventDate "2011.??.??"]
[WhiteTeam "Sambuca Sharks"]
[BlackTeam "Spirit of Atticus"]

1. d4 Nf6 2. c4 e6 3. Nc3 Bb4 4. Qc2 O-O 5. Bd2 d5 6. e3 b6 7. cxd5 exd5 8. Bd3
Bb7 9. a3 Be7 10. Nf3 Nbd7 11. O-O c5 12. b3 Rc8 13. Bf5 g6 14. Bh3 a6 15. Ne5
Rc7 16. Nxd7 Nxd7 17. a4 Nf6 18. Rfd1 cxd4 19. exd4 Ne4 1/2-1/2

[Event "4NCL"]
[Site "De Vere, Staverton Park, ENG"]
[Date "2011.11.12"]
[Round "125.7"]
[White "Mort, Andrew J"]
[Black "Tavoularis, Nicholas"]
[Result "1-0"]
[WhiteElo "2017"]
[BlackElo "2143"]
[PlyCount "71"]
[EventDate "2011.??.??"]
[WhiteTeam "Spirit of Atticus"]
[BlackTeam "Sambuca Sharks"]

1. c4 f5 2. g3 Nf6 3. Bg2 d6 4. Nc3 g6 5. Nf3 Bg7 6. O-O e5 7. d3 O-O 8. Rb1
Nh5 9. Bg5 Qe8 10. Nd5 Rf7 11. Bc1 h6 12. d4 c6 13. Nc3 Na6 14. d5 c5 15. Nb5
Bf8 16. a3 f4 17. Nd2 Bf5 18. Ne4 Qd7 19. Nbc3 Rc8 20. Qa4 Qxa4 21. Nxa4 g5 22.
Nac3 b6 23. Bd2 Nc7 24. Rbc1 Ng7 25. e3 fxg3 26. fxg3 Bd7 27. Nf6+ Rxf6 28.
Rxf6 Nge8 29. Rf2 Bg7 30. Rcf1 Bg4 31. h3 Bh5 32. Be4 g4 33. Bf5 Rb8 34. hxg4
Bf7 35. Be4 Nf6 36. Rxf6 1-0

[Event "4NCL"]
[Site "De Vere, Staverton Park, ENG"]
[Date "2011.11.12"]
[Round "125.8"]
[White "York-Andersen, Anna"]
[Black "Robertson, David J"]
[Result "1-0"]
[WhiteElo "1755"]
[BlackElo "1918"]
[PlyCount "121"]
[EventDate "2011.??.??"]
[WhiteTeam "Sambuca Sharks"]
[BlackTeam "Spirit of Atticus"]

1. e4 e5 2. Nf3 Nc6 3. d4 exd4 4. Nxd4 Bc5 5. Be3 Qf6 6. c3 Nge7 7. Bc4 Ne5 8.
Be2 Qg6 9. O-O O-O 10. Nd2 d6 11. Bh5 Qf6 12. Be2 Bd7 13. Kh1 Rae8 14. f4 N5c6
15. N2b3 Bb6 16. Qd2 Nxd4 17. Bxd4 Bxd4 18. Nxd4 Nc6 19. Nb5 Qd8 20. Bd3 a6 21.
Nd4 Qf6 22. Nf3 Re7 23. Ng5 g6 24. Rae1 h6 25. Nf3 Rfe8 26. h3 Qg7 27. f5 Ne5
28. Nxe5 Qxe5 29. f6 Re6 30. Bc4 Rxf6 31. Rxf6 Qxf6 32. Rf1 Qxf1+ 33. Bxf1 Rxe4
34. Bd3 Re5 35. Qxh6 Bc6 36. Qd2 Kg7 37. Qf2 Rg5 38. Bf1 Rh5 39. Qg3 Re5 40.
Kh2 Bd5 41. a3 a5 42. Qd3 Be4 43. Qd4 b6 44. Bc4 f6 45. Qf2 Rf5 46. Qe3 Re5 47.
Qd2 Rc5 48. Be2 Re5 49. Qd1 Bc6 50. Bf3 Bd7 51. Qd3 Bb5 52. c4 Bd7 53. Bd5 Bf5
54. Qf3 Bd7 55. Ba8 Rc5 56. Qe4 Re5 57. Qb7 Rc5 58. Qb8 Rxc4 59. Bd5 Rc5 60.
Qg8+ Kh6 61. h4 1-0

[Event "4NCL"]
[Site "De Vere, Staverton Park, ENG"]
[Date "2011.11.12"]
[Round "126.1"]
[White "Cooper, John G"]
[Black "James, Dale R"]
[Result "1-0"]
[WhiteElo "2351"]
[BlackElo "2194"]
[PlyCount "65"]
[EventDate "2011.??.??"]
[WhiteTeam "South Wales Dragons"]
[BlackTeam "3Cs 1"]

1. Nf3 Nf6 2. g3 c5 3. Bg2 Nc6 4. c4 g6 5. Nc3 Bg7 6. d4 cxd4 7. Nxd4 O-O 8.
O-O Qa5 9. Nb3 Qb4 10. c5 a5 11. Bg5 Qg4 12. Qd2 a4 13. h3 Qc4 14. Bxf6 Bxf6
15. Nd5 Rb8 16. Rac1 Qb5 17. Nxf6+ exf6 18. Nd4 Nxd4 19. Qxd4 Qxe2 20. Qxf6 Qe6
21. Qf4 Ra8 22. Qd4 Ra6 23. Rfe1 Qf5 24. h4 h5 25. a3 b6 26. cxb6 Qb5 27. Rxc8
Rxc8 28. Bb7 Rb8 29. Bxa6 Qxa6 30. Re7 Qc8 31. Rxd7 Qc1+ 32. Kh2 Qc6 33. b7 1-0

[Event "4NCL"]
[Site "De Vere, Staverton Park, ENG"]
[Date "2011.11.12"]
[Round "126.2"]
[White "Jaunooby, Ali Reza"]
[Black "Dineley, Richard DP"]
[Result "1/2-1/2"]
[WhiteElo "2144"]
[BlackElo "2264"]
[PlyCount "32"]
[EventDate "2011.??.??"]
[WhiteTeam "3Cs 1"]
[BlackTeam "South Wales Dragons"]

1. d4 d5 2. Nf3 Nf6 3. Bf4 c5 4. e3 Nc6 5. Nbd2 Qb6 6. dxc5 Qxc5 7. a3 a5 8. c4
e6 9. b4 axb4 10. axb4 Rxa1 11. Qxa1 Qxb4 12. Qa8 Kd8 13. Ng5 Ne4 14. Ngxe4
dxe4 15. Be2 Qa3 16. Qxa3 Bxa3 1/2-1/2

[Event "4NCL"]
[Site "De Vere, Staverton Park, ENG"]
[Date "2011.11.12"]
[Round "126.3"]
[White "Zeidler, Sven P"]
[Black "Walton, Alan J"]
[Result "1-0"]
[WhiteElo "2274"]
[BlackElo "2161"]
[PlyCount "79"]
[EventDate "2011.??.??"]
[WhiteTeam "South Wales Dragons"]
[BlackTeam "3Cs 1"]

1. e4 e6 2. d4 d5 3. exd5 exd5 4. Nf3 Nc6 5. Bb5 Bd6 6. c4 dxc4 7. d5 a6 8. Ba4
b5 9. dxc6 bxa4 10. O-O Ne7 11. Nbd2 O-O 12. Nxc4 Nxc6 13. Qxa4 Qd7 14. Rd1 Rb8
15. Bf4 Rb4 16. Qc2 Qg4 17. a3 Bf5 18. Qe2 Rxc4 19. Qxc4 Na5 20. Qd5 Qxf4 21.
Rd4 Qh6 22. Qxf5 Nb3 23. Rh4 Qg6 24. Qxg6 hxg6 25. Re1 f6 26. Rc4 Rb8 27. Re2
Kf7 28. g3 g5 29. Kg2 Rb6 30. Nd4 g6 31. Nc6 f5 32. Nb4 c5 33. Nd3 Nd4 34. Re1
f4 35. gxf4 gxf4 36. h4 f3+ 37. Kh3 Rb5 38. b4 Ne6 39. a4 Rb8 40. bxc5 1-0

[Event "4NCL"]
[Site "De Vere, Staverton Park, ENG"]
[Date "2011.11.12"]
[Round "126.4"]
[White "Adams, Philip"]
[Black "Redmond, John P"]
[Result "1/2-1/2"]
[WhiteElo "2097"]
[BlackElo "2246"]
[PlyCount "45"]
[EventDate "2011.??.??"]
[WhiteTeam "3Cs 1"]
[BlackTeam "South Wales Dragons"]

1. Nf3 d6 2. e4 Nf6 3. Nc3 g6 4. d4 Bg7 5. Be3 c6 6. Qd2 Bg4 7. Bh6 Bxh6 8.
Qxh6 Bxf3 9. gxf3 Nbd7 10. O-O-O Qa5 11. Kb1 O-O-O 12. Be2 d5 13. e5 Ne8 14. h4
Nc7 15. h5 Ne6 16. Qd2 Ng7 17. f4 Kb8 18. Rh3 e6 19. Rdh1 Rhg8 20. hxg6 hxg6
21. Ne4 Qxd2 22. Nxd2 Rdf8 23. Bd3 1/2-1/2

[Event "4NCL"]
[Site "De Vere, Staverton Park, ENG"]
[Date "2011.11.12"]
[Round "126.5"]
[White "James, David J"]
[Black "Burton, Graham P"]
[Result "1-0"]
[WhiteElo "2153"]
[BlackElo "2069"]
[PlyCount "71"]
[EventDate "2011.??.??"]
[WhiteTeam "South Wales Dragons"]
[BlackTeam "3Cs 1"]

1. Nf3 c5 2. c4 Nc6 3. d4 cxd4 4. Nxd4 e6 5. Nc3 a6 6. g3 Nf6 7. Bg2 Be7 8. O-O
Qc7 9. b3 O-O 10. Bb2 Ne5 11. Qd2 d6 12. f4 Ng6 13. f5 Ne5 14. Ne4 exf5 15.
Nxf5 Bxf5 16. Rxf5 Nxe4 17. Bxe4 g6 18. Rff1 f5 19. Bg2 Rab8 20. e4 fxe4 21.
Bxe4 Bf6 22. Rad1 b5 23. cxb5 axb5 24. Kh1 Be7 25. Qd5+ Kg7 26. Rc1 Rxf1+ 27.
Rxf1 Bf6 28. Rd1 Ng4 29. Bxf6+ Nxf6 30. Qd4 d5 31. Bd3 b4 32. Rf1 Rb6 33. g4 h6
34. Kg2 Qd6 35. h4 Kh7 36. g5 1-0

[Event "4NCL"]
[Site "De Vere, Staverton Park, ENG"]
[Date "2011.11.12"]
[Round "126.6"]
[White "Horton, Jamie A"]
[Black "Morris, Charles F"]
[Result "1/2-1/2"]
[WhiteElo "1999"]
[BlackElo "2148"]
[PlyCount "82"]
[EventDate "2011.??.??"]
[WhiteTeam "3Cs 1"]
[BlackTeam "South Wales Dragons"]

1. e4 e6 2. d4 d5 3. Nc3 Nf6 4. Bg5 Bb4 5. exd5 Qxd5 6. Bxf6 gxf6 7. Qd2 Qa5 8.
Nge2 b6 9. a3 Ba6 10. Qe3 Nd7 11. O-O-O Bxe2 12. Nxe2 Bd6 13. g3 b5 14. Qb3 b4
15. a4 Rb8 16. Qa2 b3 17. cxb3 Qd5 18. Rg1 Rxb3 19. Bg2 Qc4+ 20. Kb1 Ba3 21.
Rd2 Qxa4 22. Bc6 Qb4 23. Rc2 Ke7 24. Nc1 Rxb2+ 25. Rxb2 Bxb2 26. Qxb2 Rb8 27.
Qxb4+ Rxb4+ 28. Ka2 Rxd4 29. Nb3 Rc4 30. Rc1 Rxc1 31. Nxc1 Ne5 32. Bg2 Ng4 33.
Nd3 Nxh2 34. f3 e5 35. Kb3 Kd6 36. Kc4 f5 37. Nc5 h5 38. Nb7+ Ke6 39. Nc5+ Kd6
40. Nb7+ Ke6 41. Nc5+ Kd6 1/2-1/2

[Event "4NCL"]
[Site "De Vere, Staverton Park, ENG"]
[Date "2011.11.12"]
[Round "127.1"]
[White "Cooksey, Paul S"]
[Black "Jones, Richard S"]
[Result "1-0"]
[WhiteElo "2273"]
[BlackElo "2392"]
[PlyCount "101"]
[EventDate "2011.??.??"]
[WhiteTeam "AMCA Dragons"]
[BlackTeam "Rhyfelwyr Essyllwg"]

1. d4 d5 2. c4 c6 3. Nf3 Nf6 4. Nc3 dxc4 5. a4 Bf5 6. e3 e6 7. Bxc4 Bb4 8. O-O
O-O 9. Qe2 Bg6 10. Ne5 Nbd7 11. Nxg6 hxg6 12. Rd1 Qa5 13. Na2 Bd6 14. e4 e5 15.
f4 exd4 16. e5 Bc5 17. Qd3 Nd5 18. Bxd5 cxd5 19. b4 Qxa4 20. bxc5 Nxc5 21. Qf3
d3 22. Bd2 Nb3 23. Rab1 Qc4 24. Nb4 Rfd8 25. Qxd3 Nxd2 26. Qxd2 d4 27. Nd3 Qd5
28. Qb4 b6 29. Qb3 Qxb3 30. Rxb3 Rac8 31. Ne1 Rc5 32. Rbd3 g5 33. Rxd4 Rxd4 34.
Rxd4 gxf4 35. Nd3 Rb5 36. Rd8+ Kh7 37. Rd7 a5 38. Kf2 Kg8 39. Rd8+ Kh7 40. Kf3
a4 41. Ra8 Rb3 42. Ke4 b5 43. Nxf4 a3 44. Nd3 Rb2 45. Rxa3 Rxg2 46. Ra7 Kg8 47.
Ra8+ Kh7 48. Rf8 f6 49. e6 Re2+ 50. Kd5 Re3 51. Nc5 1-0

[Event "4NCL"]
[Site "De Vere, Staverton Park, ENG"]
[Date "2011.11.12"]
[Round "127.2"]
[White "Brown, Tom"]
[Black "Dishman, Stephen"]
[Result "0-1"]
[WhiteElo "2094"]
[BlackElo "2333"]
[PlyCount "78"]
[EventDate "2011.??.??"]
[WhiteTeam "Rhyfelwyr Essyllwg"]
[BlackTeam "AMCA Dragons"]

1. d4 Nf6 2. c4 e6 3. Nc3 d5 4. Nf3 Nbd7 5. Bf4 dxc4 6. e3 Nd5 7. Bxc4 Nxf4 8.
exf4 Nb6 9. Bb3 Be7 10. O-O O-O 11. Qe2 Nd5 12. Nxd5 exd5 13. Bc2 Bd6 14. Ne5
Qf6 15. Qf3 c6 16. Rfe1 Bf5 17. Bxf5 Qxf5 18. Re2 Rfe8 19. Rae1 f6 20. g4 Qc8
21. Nd3 Qd7 22. f5 Rxe2 23. Rxe2 Re8 24. Nc5 Bxc5 25. dxc5 Kf7 26. Rxe8 Qxe8
27. Qf4 Qd8 28. h4 h6 29. Kf1 Qe7 30. Qb4 b6 31. Qa4 Qxc5 32. Qxa7+ Kg8 33. Qa4
b5 34. Qf4 d4 35. Qb8+ Qf8 36. Qc7 Qe8 37. Qd6 Qe4 38. Qg3 d3 39. Qe3 Qh1# 0-1

[Event "4NCL"]
[Site "De Vere, Staverton Park, ENG"]
[Date "2011.11.12"]
[Round "127.3"]
[White "Holland, James P"]
[Black "Morris, Gareth L"]
[Result "1-0"]
[WhiteElo "2206"]
[BlackElo "2105"]
[PlyCount "107"]
[EventDate "2011.??.??"]
[WhiteTeam "AMCA Dragons"]
[BlackTeam "Rhyfelwyr Essyllwg"]

1. e4 c5 2. Nc3 Nc6 3. Nge2 d6 4. d4 cxd4 5. Nxd4 e5 6. Nde2 f5 7. exf5 Bxf5 8.
Ng3 Be6 9. Nge4 Be7 10. Ng5 Bxg5 11. Qh5+ Bf7 12. Qxg5 Nf6 13. Qxg7 Rg8 14. Qh6
Rg6 15. Qh3 d5 16. Be2 d4 17. Nd1 Bd5 18. f3 Nb4 19. Bb5+ Kf7 20. Bd3 Rc8 21.
O-O Nxc2 22. Bxg6+ hxg6 23. Bg5 Be6 24. Qg3 Nxa1 25. Nf2 Nc2 26. Ne4 Nh5 27.
Qxe5 Qd5 28. Nd6+ Kg8 29. Qxd5 Bxd5 30. Nxc8 Bxa2 31. Nd6 Ng7 32. Bf6 Ne6 33.
Rd1 a6 34. Kf2 b5 35. h4 b4 36. g3 Bb3 37. Rd2 a5 38. Nf5 d3 39. Rxd3 Bc4 40.
Rd2 b3 41. Nd4 Nexd4 42. Bxd4 a4 43. Bc5 Kf7 44. g4 Bb5 45. f4 Kf6 46. Rd6+ Kf7
47. Rb6 Bd3 48. f5 gxf5 49. g5 f4 50. h5 Be4 51. Rf6+ Kg8 52. Rxf4 a3 53. Bxa3
Nxa3 54. Rxe4 1-0

[Event "4NCL"]
[Site "De Vere, Staverton Park, ENG"]
[Date "2011.11.12"]
[Round "127.4"]
[White "Spice, Alan P"]
[Black "Webb, Richard M"]
[Result "1/2-1/2"]
[WhiteElo "2125"]
[BlackElo "2265"]
[PlyCount "71"]
[EventDate "2011.??.??"]
[WhiteTeam "Rhyfelwyr Essyllwg"]
[BlackTeam "AMCA Dragons"]

1. e3 g6 2. f4 Bg7 3. Nf3 Nf6 4. Be2 O-O 5. O-O d6 6. Nc3 Nbd7 7. Qe1 e5 8.
fxe5 Nxe5 9. Nxe5 dxe5 10. Qh4 Be6 11. d3 Nd5 12. Qxd8 Raxd8 13. Nxd5 Bxd5 14.
e4 Be6 15. Bg5 Rd7 16. Bf3 h5 17. h3 f6 18. Be3 Kh7 19. a4 a5 20. Bc5 Rfd8 21.
Kf2 b6 22. Be3 Bh6 23. Ke2 Bxe3 24. Kxe3 Kg7 25. g4 hxg4 26. Bxg4 Bxg4 27. hxg4
Rh8 28. Rh1 Rdd8 29. Kf3 c6 30. Kg3 Rxh1 31. Rxh1 Rd4 32. b3 Rd8 33. Kg2 Rh8
34. Rxh8 Kxh8 35. c3 c5 36. Kg3 1/2-1/2

[Event "4NCL"]
[Site "De Vere, Staverton Park, ENG"]
[Date "2011.11.12"]
[Round "127.5"]
[White "Farrand, Tom"]
[Black "Trevelyan, John"]
[Result "0-1"]
[WhiteElo "2265"]
[BlackElo "2120"]
[PlyCount "69"]
[EventDate "2011.??.??"]
[WhiteTeam "AMCA Dragons"]
[BlackTeam "Rhyfelwyr Essyllwg"]

1. e4 d6 2. d4 Nf6 3. Nc3 e5 4. dxe5 dxe5 5. Qxd8+ Kxd8 6. Bc4 Be6 7. Bxe6 fxe6
8. f3 Bc5 9. Na4 Bb4+ 10. c3 Bd6 11. Be3 Nbd7 12. O-O-O Ke7 13. b3 b5 14. Nb2
Bc5 15. Bxc5+ Nxc5 16. Ne2 g5 17. Nd3 Nxd3+ 18. Rxd3 Rad8 19. Rxd8 Rxd8 20. h3
h5 21. Kc2 c5 22. c4 b4 23. a3 a5 24. axb4 axb4 25. Ra1 g4 26. Ra7+ Nd7 27.
hxg4 hxg4 28. Kd3 gxf3 29. gxf3 Rh8 30. Ra1 Rh3 31. Ke3 Nb8 32. Ra7+ Kd6 33.
Ra1 Nc6 34. Rf1 Nd4 35. Nxd4 0-1

[Event "4NCL"]
[Site "De Vere, Staverton Park, ENG"]
[Date "2011.11.12"]
[Round "127.6"]
[White "Garcia, Jason"]
[Black "Tavares, Shawn P"]
[Result "0-1"]
[WhiteElo "2013"]
[BlackElo "2218"]
[PlyCount "80"]
[EventDate "2011.??.??"]
[WhiteTeam "Rhyfelwyr Essyllwg"]
[BlackTeam "AMCA Dragons"]

1. e4 e6 2. d4 d5 3. Nc3 Nf6 4. e5 Nfd7 5. f4 c5 6. Nf3 Nc6 7. Be3 a6 8. Qd2 b5
9. dxc5 Nxc5 10. Nd4 Nxd4 11. Bxd4 Bb7 12. O-O-O Be7 13. Kb1 Qc7 14. g3 b4 15.
Ne2 Ne4 16. Qe3 a5 17. Nc1 O-O 18. Bd3 Rfc8 19. Nb3 a4 20. Nd2 Nc3+ 21. Ka1
Nxd1 22. Rxd1 Ba6 23. Kb1 a3 24. b3 Bc5 25. Nf3 Bxd4 26. Qxd4 Bxd3 27. Qxd3 Qc3
28. Qxc3 Rxc3 29. Ne1 Rac8 30. Rd3 Kf8 31. Kc1 Ke7 32. Kd2 Rxd3+ 33. Nxd3 Rb8
34. Ke3 Kd7 35. Kd4 Kc6 36. Ne1 Kb5 37. Nf3 Rc8 38. Ne1 Rc3 39. f5 h5 40. f6 g6
0-1

[Event "4NCL"]
[Site "De Vere, Staverton Park, ENG"]
[Date "2011.11.12"]
[Round "127.7"]
[White "Coates, Kenneth G"]
[Black "Blackburn, Suzy G"]
[Result "1-0"]
[WhiteElo "2194"]
[BlackElo "1945"]
[PlyCount "121"]
[EventDate "2011.??.??"]
[WhiteTeam "AMCA Dragons"]
[BlackTeam "Rhyfelwyr Essyllwg"]

1. Nf3 e6 2. d4 f5 3. h3 Nf6 4. g4 fxg4 5. hxg4 Nxg4 6. Qd3 Qf6 7. Rxh7 Rxh7 8.
Qxh7 Qf5 9. Qxf5 exf5 10. Bf4 d6 11. Nc3 Be6 12. Ng5 Bg8 13. f3 Nf6 14. O-O-O
Nc6 15. Bh3 g6 16. e4 Nh5 17. Be3 f4 18. Bf2 Be7 19. Ne6 Bxe6 20. Bxe6 Nd8 21.
Bh3 c6 22. Ne2 g5 23. d5 c5 24. e5 Nf7 25. exd6 Bxd6 26. Nc3 Ne5 27. Ne4 Ke7
28. Nxc5 b6 29. Ne4 Rg8 30. Be6 Rg7 31. Bd4 Rg6 32. Bf5 Rg8 33. Bc3 Ng3 34.
Nxd6 Ne2+ 35. Kd2 Nxc3 36. Kxc3 Kxd6 37. Be4 g4 38. fxg4 Rxg4 39. Rf1 f3 40.
Kd4 Rg2 41. b3 Rd2+ 42. Kc3 Rh2 43. a3 f2 44. Kd2 Rh4 45. Bg2 Rf4 46. Ke2 Ng4
47. Bf3 a6 48. a4 Rxf3 49. Kxf3 Nh2+ 50. Kxf2 Nxf1 51. Kxf1 Kxd5 52. Ke2 Kd4
53. Kd2 a5 54. c3+ Kc5 55. Ke3 Kd5 56. Kd3 Kc5 57. Ke4 Kc6 58. Ke5 Kc5 59. Ke6
b5 60. axb5 Kxb5 61. Kd5 1-0

[Event "4NCL"]
[Site "De Vere, Staverton Park, ENG"]
[Date "2011.11.12"]
[Round "127.8"]
[White "Reid, Vaness"]
[Black "Richardson, Keith B"]
[Result "1-0"]
[WhiteElo "1837"]
[BlackElo "2137"]
[PlyCount "72"]
[EventDate "2011.??.??"]
[WhiteTeam "Rhyfelwyr Essyllwg"]
[BlackTeam "AMCA Dragons"]

1. d4 Nf6 2. c4 g6 3. Nc3 Bg7 4. e4 d6 5. f3 c6 6. Be3 a6 7. a4 a5 8. Qd2 Na6
9. Nge2 O-O 10. Nc1 Nb4 11. Nd3 e5 12. d5 Nd7 13. g4 Qh4+ 14. Nf2 Qe7 15. O-O-O
c5 16. h4 Nb6 17. h5 f5 18. Bg5 Bf6 19. Bxf6 Qxf6 20. hxg6 hxg6 21. gxf5 gxf5
22. Rh6 Qg7 23. Rxd6 Ra6 24. Qe2 Nxa4 25. Rxa6 Nxc3 26. bxc3 Nxa6 27. Bh3 Nb8
28. Qe3 b6 29. exf5 Bxf5 30. Bxf5 Rxf5 31. Ne4 Kf8 32. Rg1 Qh7 33. Ng5 Qh4 34.
Ne6+ Ke7 35. Rg7+ Kd6 36. Rg1 Nd7 1-0

[Event "4NCL"]
[Site "De Vere, Staverton Park, ENG"]
[Date "2011.11.12"]
[Round "128.1"]
[White "Mason, Donald J"]
[Black "Girdlestone, Paul C"]
[Result "1-0"]
[WhiteElo "2227"]
[BlackElo "2191"]
[PlyCount "131"]
[EventDate "2011.??.??"]
[WhiteTeam "Warwickshire Select 1"]
[BlackTeam "Brown Jack"]

1. e4 e5 2. Nf3 Nc6 3. Bb5 g6 4. d4 exd4 5. Bg5 Be7 6. Bxe7 Qxe7 7. O-O Qb4 8.
Bxc6 bxc6 9. Qxd4 Qxd4 10. Nxd4 Ba6 11. Re1 Rb8 12. b3 c5 13. Nf3 Ne7 14. Nc3
O-O 15. Rad1 Rfd8 16. e5 Bb7 17. Ne4 Bxe4 18. Rxe4 Rb4 19. Re3 Rb6 20. Rc3 Rc6
21. Ng5 d6 22. Ne4 c4 23. bxc4 Rb8 24. exd6 cxd6 25. Rb3 Rd8 26. c5 d5 27. Rb7
Nf5 28. Rxa7 Re8 29. Nd6 Re2 30. Kf1 Rxc2 31. Nxf5 gxf5 32. Rxd5 R6xc5 33. Rxc5
Rxc5 34. g3 Rc2 35. Kg2 Kg7 36. h4 Rb2 37. Kf3 Kf6 38. Ra6+ Kg7 39. Ke3 Rc2 40.
f3 Rh2 41. Kf4 Rf2 42. a4 f6 43. Ra5 Kg6 44. Rxf5 Rb2 45. h5+ Kf7 46. Rb5 Rc2
47. a5 Ra2 48. Kf5 Ra3 49. f4 Kg7 50. g4 Ra4 51. Rb7+ Kg8 52. Rb5 Kg7 53. g5
fxg5 54. fxg5 Kf7 55. Ke5 Ra1 56. Kd6 Rd1+ 57. Rd5 Rb1 58. Kc6 Ke6 59. Rb5 Rc1+
60. Kb7 Kd6 61. a6 Rc7+ 62. Kb6 Rc6+ 63. Ka5 Rc1 64. Kb6 Rc6+ 65. Ka7 Rc8 66.
Kb7 1-0

[Event "4NCL"]
[Site "De Vere, Staverton Park, ENG"]
[Date "2011.11.12"]
[Round "128.2"]
[White "Truran, Michael C"]
[Black "Weaving, Richard"]
[Result "1/2-1/2"]
[WhiteElo "2195"]
[BlackElo "2116"]
[PlyCount "55"]
[EventDate "2011.??.??"]
[WhiteTeam "Brown Jack"]
[BlackTeam "Warwickshire Select 1"]

1. d4 d5 2. c4 e6 3. Nf3 Nf6 4. Nc3 dxc4 5. e3 a6 6. Bxc4 b5 7. Bd3 c5 8. O-O
Bb7 9. Qe2 Nbd7 10. Rd1 Qb8 11. b3 Bd6 12. h3 O-O 13. Bb2 Rd8 14. Rac1 Qa7 15.
a4 b4 16. Nb1 Rac8 17. Nbd2 Be7 18. Nc4 cxd4 19. Bxd4 Bc5 20. Bb2 a5 21. Rd2
Nd5 22. Bxh7+ Kxh7 23. Ng5+ Kg6 24. Nxe6 fxe6 25. Qg4+ Kf7 26. Qxg7+ Ke8 27.
Qg6+ Ke7 28. Qg7+ 1/2-1/2

[Event "4NCL"]
[Site "De Vere, Staverton Park, ENG"]
[Date "2011.11.12"]
[Round "128.3"]
[White "Holt, Philip J"]
[Black "Haydon, Richard"]
[Result "1/2-1/2"]
[WhiteElo "2255"]
[BlackElo "2173"]
[PlyCount "29"]
[EventDate "2011.??.??"]
[WhiteTeam "Warwickshire Select 1"]
[BlackTeam "Brown Jack"]

1. e4 c5 2. c3 d5 3. exd5 Qxd5 4. d4 cxd4 5. cxd4 Nc6 6. Nf3 e5 7. Nc3 Bb4 8.
Be2 Nxd4 9. Bd2 Bxc3 10. Bxc3 Nxf3+ 11. gxf3 Ne7 12. Qxd5 Nxd5 13. Bxe5 O-O 14.
Rg1 f6 15. Bc4 1/2-1/2

[Event "4NCL"]
[Site "De Vere, Staverton Park, ENG"]
[Date "2011.11.12"]
[Round "128.4"]
[White "Hall, Daniel J"]
[Black "Hynes, AM (Tony)"]
[Result "1/2-1/2"]
[WhiteElo "2120"]
[BlackElo "2187"]
[PlyCount "44"]
[EventDate "2011.??.??"]
[WhiteTeam "Brown Jack"]
[BlackTeam "Warwickshire Select 1"]

1. e4 c5 2. Nf3 d6 3. Bb5+ Nd7 4. O-O a6 5. Bxd7+ Bxd7 6. c3 Nf6 7. Re1 e6 8.
d4 cxd4 9. cxd4 d5 10. e5 Ne4 11. Nbd2 Nxd2 12. Bxd2 Be7 13. Rc1 O-O 14. Qb3
Bb5 15. Bb4 Bc4 16. Bxe7 Qxe7 17. Qa4 Rac8 18. Re3 Bb5 19. Qd1 Qb4 20. b3 Qa3
21. Rc2 Bd7 22. Ree2 h6 1/2-1/2

[Event "4NCL"]
[Site "De Vere, Staverton Park, ENG"]
[Date "2011.11.12"]
[Round "128.5"]
[White "Agnew, Alan"]
[Black "Headlong, Timothy"]
[Result "1/2-1/2"]
[WhiteElo "2050"]
[BlackElo "2179"]
[PlyCount "58"]
[EventDate "2011.??.??"]
[WhiteTeam "Warwickshire Select 1"]
[BlackTeam "Brown Jack"]

1. e4 c5 2. d4 cxd4 3. c3 dxc3 4. Nxc3 Nc6 5. Nf3 d6 6. Bc4 e6 7. O-O a6 8. Qe2
Be7 9. Rd1 Bd7 10. h3 Rc8 11. a3 Qc7 12. Be3 Nf6 13. Rac1 O-O 14. Ba2 Qb8 15.
Rd2 h6 16. Rcd1 Be8 17. Bf4 e5 18. Be3 b5 19. Bd5 Na5 20. Rc2 Bc6 21. Nd2 Bxd5
22. exd5 Nc4 23. Nxc4 Rxc4 24. Na2 Rxc2 25. Qxc2 Rc8 26. Qd3 a5 27. b4 axb4 28.
Nxb4 Qb7 29. Nc6 Bf8 1/2-1/2